2Pac-Rapper Quiz - Statistics

General Stats
  • This quiz has been taken 59 times
  • The average score is 9 of 20
Answer Stats
Hint Answer % Correct
Tupac's Last Name? Shakur
100%
All Eyez on Me
84%
After getting shot in 1994, Tupac wrote a diss track to B.I.G, Diddy, and others known as the greatest diss of all time. Hit 'Em Up
77%
Where 2Pac was born, and spent the first 13 years of his life. New York
72%
Tupac is known as the Martyr of this subgenre of rap. Gangsta Rap
58%
His parents were members of which Black Liberation group? Black Panthers
56%
City where Tupac died in 1996 Las Vegas
53%
Me Against the World
53%
Tupac's most common nickname, a play on the name of an Italian Renaissance Diplomat Makaveli
47%
"Now let me welcome everybody to ________________________" The wild, wild West
42%
After B.I.G asked 2Pac to manage him early in his career, 2Pac declined but told him to ask which other rapper? Diddy
40%
Following his death, members of Outlawz smoked Tupac's ashes mixed with _________. Marijuana
37%
Where was Tupac when his third studio album was released? Prison
35%
Studio Albums 2Pacalypse Now
33%
Tupac's "heart", or female best friend who has featured in films Karate Kid, Scream 2, and show Red Table Talk Jada Pinkett Smith
26%
He was named after Tupac Amaru II, a former leader of what empire? Incan Empire
23%
2Pac's second most streamed song, which calls out Mike Tyson and addresses his 1994 shooting. Ambitionz az a Ridah
21%
Rap group briefly formed with 2Pac, Big Skye, Mopreme, Rated R, and Macadoshis. Thug Life
19%
The city that 2Pac "claims" as his Oakland
14%
Strictly for my F.E.L.L.A.Z
9%
No matching quizzes found
Score Distribution
Percent of People with Each Score
Percentile by Number Answered
Your Score History
You have not taken this quiz